Nuevas perspectivas del derecho constitucional / (Registro nro. 49155)

Detalles MARC
000 -LEADER
fixed length control field 03297nam a2200289Ia 4500
003 - CONTROL NUMBER IDENTIFIER
control field CO-CtgCURN
005 - DATE AND TIME OF LATEST TRANSACTION
control field 20250731161751.0
008 - FIXED-LENGTH DATA ELEMENTS--GENERAL INFORMATION
fixed length control field 250730s2024 xx 000 0 und d
020 ## - INTERNATIONAL STANDARD BOOK NUMBER
International Standard Book Number 9789585114722
040 ## - CATALOGING SOURCE
Original cataloging agency CO-CtgCURN
Language of cataloging spa
Transcribing agency coctgcurn
082 ## - DEWEY DECIMAL CLASSIFICATION NUMBER
Classification number 342
Item number M491
245 #0 - TITLE STATEMENT
Title Nuevas perspectivas del derecho constitucional /
Statement of responsibility, etc. editor., Ramón Medina Arteta
260 ## - PUBLICATION, DISTRIBUTION, ETC.
Place of publication, distribution, etc. Cartagena de Indias : Colombia
Name of publisher, distributor, etc. Editorial Bonaventuriana,
Date of publication, distribution, etc. 2024
300 ## - PHYSICAL DESCRIPTION
Extent 126 páginas :
Dimensions 22 centímetros
500 ## - GENERAL NOTE
General note Incluye índice
504 ## - BIBLIOGRAPHY, ETC. NOTE
Bibliography, etc. note Incluye referencias bibliógraficas (p. 123-125)
505 ## - FORMATTED CONTENTS NOTE
Formatted contents note Cap. I. Las plataformas digitales de reparto y la protección de los derechos sociales en la cuarta revolución industrial -- Cap. II. El Derecho fundamental al agua potable y su consolidación en la vereda La Suprema, municipio de María La Baja-Bolívar -- Cap. III. Los derechos bioculturales en la jurisprudencia de la Corte Constitucional -- Cap. IV. La filiación derivada de la relación padre/madre e hijo(a) de crianza
520 ## - SUMMARY, ETC.
Summary, etc. Con la creación del Internet, y en el marco del fenómeno de la globalización, el mundo ha dado un giro respecto de la manera en que se desarrollan las diferentes esferas de la vida. Uno de los cambios más notorios se ha proyectado en la economía y el comercio, siendo estos dos los motores determinantes de la vida en sociedad en tiempos del capitalismo tardío. En ese sentido, las novedades tecnológicas han traído consigo variaciones en las formas de contratación o modalidades de trabajo, donde uno de los ejemplos más claros, y exitosos, es el caso de las plataformas digitales de reparto. Que uno de los retos más grandes que tienen los sistemas jurídicos contemporáneos que, como Colombia, se fundan en el respeto y protección de la dignidad humana, el trabajo, la solidaridad, seguridad social y demás derechos humanos se encuentra en la definición de la naturaleza de los vínculos que existen entre las plataformas digitales de reparto y el trabajador. Principalmente, porque la posición predominante de estas plataformas define a los repartidores como “trabajadores autónomos”; empero, con las condiciones en las que realizan sus labores, puede dudarse de esa autonomía que se le endilga inicialmente. En esa medida, el sentido de este trabajo busca precisar, en el marco del estado actual de la protección de los derechos sociales, la forma en la que se regula el vínculo que une a los domiciliarios/conductores con las plataformas digitales de reparto, precisando el modus operandi de estas respecto a las modalidades de contratación, acompañado del análisis desde el derecho comparado y el estudio de pronunciamientos judiciales que resuelven casos similares alrededor del mundo, específicamente, en Europa y en América Latina.
521 ## - TARGET AUDIENCE NOTE
Target audience note AREA PROFESIONAL
590 ## - LOCAL NOTE (RLIN)
Local note Programa de Derecho_18
650 ## - SUBJECT ADDED ENTRY--TOPICAL TERM
Topical term or geographic name entry element Derecho constitucional
650 ## - SUBJECT ADDED ENTRY--TOPICAL TERM
Topical term or geographic name entry element Plataformas digitales de reparto
700 ## - ADDED ENTRY--PERSONAL NAME
Personal name Medina Arteta, Ramón
Relator term editor
856 ## - ELECTRONIC LOCATION AND ACCESS
Uniform Resource Identifier <a href="https://unicurn.sharepoint.com/:b:/s/biblioteca/EVowpbGTc0VPmbA0ctdpnTIBLPVd1_u3092ioAfhkOwTrw?e=dVUez7">https://unicurn.sharepoint.com/:b:/s/biblioteca/EVowpbGTc0VPmbA0ctdpnTIBLPVd1_u3092ioAfhkOwTrw?e=dVUez7</a>
Link text Consulte aquí el texto completo
942 ## - ADDED ENTRY ELEMENTS (KOHA)
Koha item type Libros
Classification part 342
Item part M491
Source of classification or shelving scheme Dewey Decimal Classification
Suppress in OPAC No
Existencias
Withdrawn status Lost status Source of classification or shelving scheme Damaged status Not for loan Collection Home library Current library Shelving location Date acquired Source of acquisition Cost, normal purchase price Inventory number Total checkouts Full call number Barcode Date last seen Copy number Price effective from Koha item type
    Dewey Decimal Classification     General Miguel Henríquez Castañeda Barranquilla Miguel Henríquez Castañeda Barranquilla General 07/29/2025 Donación IIP 2025 35.00 05466   342 M491 05466 07/30/2025 ej.1 07/30/2025 Libros